Central Library OPAC University of Rajshahi

A. E. Housman : (Record no. 23818)

MARC details
000 -LEADER
fixed length control field 00940nam a2200253 a 4500
001 - CONTROL NUMBER
control field 23818
003 - CONTROL NUMBER IDENTIFIER
rucl marc code BD-RjUL
005 - DATE AND TIME OF LATEST TRANSACTION
control field 20211209000956.0
008 - FIXED-LENGTH DATA ELEMENTS--GENERAL INFORMATION
fixed length control field 140311s1936 enk 001 0 eng d
035 ## - SYSTEM CONTROL NUMBER
System control number (BD-RjUL)23883
040 ## - CATALOGING SOURCE
Original cataloging agency VCAV
Language of cataloging eng
Transcribing agency VCAV
Modifying agency NNCU:A
-- BD-RjUL
041 ## - LANGUAGE CODE
Language code of text/sound track or separate title eng
082 04 - DEWEY DECIMAL CLASSIFICATION NUMBER
Classification number 928.2
Author mark and year GOA 1936
100 1# - MAIN ENTRY--PERSONAL NAME
Personal name Gow, A. S. F.
Fuller form of name (Andrew Sydenham Farrar),
Dates associated with a name 1886-
9 (RLIN) 73349
245 10 - TITLE STATEMENT
Title A. E. Housman :
Remainder of title a sketch together with a list of his writings and indexes to his classical papers /
Statement of responsibility, etc. by A. S. F. Gow.
250 ## - EDITION STATEMENT
Edition statement 1st ed.
260 ## - PUBLICATION, DISTRIBUTION, ETC. (IMPRINT)
Place of publication, distribution, etc. New York ;
-- The Macmillan company: Cambridge, Eng. :
Name of publisher, distributor, etc. The University press,
Date of publication, distribution, etc. 1936.
300 ## - PHYSICAL DESCRIPTION
Pagination xiii, 136, [1] p :
Illustrations front. (port.) facsims ;
Size 23 cm.
504 ## - BIBLIOGRAPHY, ETC. NOTE
Bibliography, etc Includes index.
600 10 - SUBJECT ADDED ENTRY--PERSONAL NAME
Personal name Housman, A. E.
Fuller form of name (Alfred Edward),
Dates associated with a name 1859-1936.
Personal name Housman, A. E.
Fuller form of name (Alfred Edward),
Dates associated with a name 1859-1936
General subdivision Bibliography.
942 ## - ADDED ENTRY ELEMENTS (KOHA)
Source of classification or shelving scheme Dewey Decimal Classification
Koha item type Books
Holdings
Lost status Source of classification or shelving scheme Damaged status Not for loan Collection code Permanent Location Current Location Shelving location Date acquired Source of acquisition Cost, normal purchase price Total Checkouts Full call number Date last seen Copy number Koha item type
  Dewey Decimal Classification   Added to bundle Non-fiction Central Library, University of Rajshahi Central Library, University of Rajshahi Reading Room 31/07/1964 Zeitlinger. 17.60   928.2 GOA 1936 11/03/2014 C-1 Books